000 01607nam a2200313 a 4500
001 BRCA_3167
005 20190320204137.0
008 120209s1696----ne-a---###---#000-0#dut-u
041 _afre
044 _afr
084 _a471
_b.L36
_c1696
100 1 _aCervantes Saavedra, Miguel de
_d1547-1616
_9213
245 1 0 _aDen Verstandigen Vroomen Ridder Don Quichot de la Mancha
_cgerschreven door Miguel de Cervantes Saavedra.
260 _aAmsterdam (Holanda)
_bWillem Van Lamsveld
_c1696
300 _a1 v. (en 2 tomos)
_bil.
_c17 cm.
500 _aContenido : Primera parte. Advertencia del traductor. Texto. Segunda parte. Texto
500 _aEdición : En nu uyt de spaensche in onse nederlandtsche tale overgeset. Door L.V. den B. Verciert met 25 kopere figuren. Den derden druk
500 _aCuarta edición de la primera traducción holandesa y primera edición del Quijote con láminas. Fue el traductor Lambert Van den Bosch, cuyas iniciales van en la portada. Tomó por modelo, como escribe L. Rius, la segunda edición de Cuesta, para la primera, y la edición príncipe, para la segunda parte. Encuadernada en pergamino Lúdovik Osterc
500 _aQM565
546 _aTexto en : holandés
650 1 4 _aNovela española
_yÉpoca clásica, 1500-1700
_9215
650 1 4 _aLiteratura española
_yÉpoca clásica, 1500-1700
_9216
650 1 4 _aNovela española
_ySiglo XVII
_9217
650 1 4 _aDon Quijote (Personaje ficticio)
_eNovela
_9218
700 1 _aBosch, Lambert Van den
_eTraductor
_98531
740 0 _aEl Ingenioso Hidalgo Don Quijote de la Mancha
902 _aQFM
942 _2lcc
_cB
999 _c2903
_d2903